| 000 | 01574cam a2200349 a 4500 | ||
|---|---|---|---|
| 001 | 16144444 | ||
| 003 | ARRUPE | ||
| 005 | 20150505123134.0 | ||
| 008 | 100319s2010 nju b 001 0 eng | ||
| 010 | _a 2010008938 | ||
| 020 | _a9781601631220 | ||
| 020 | _a1601631227 | ||
| 020 | _a9781601637338 (ebook) | ||
| 020 | _a1601637330 (ebook) | ||
| 035 | _a(OCoLC)ocn460061529 | ||
| 040 |
_aDLC _cDLC _dBTCTA _dILC _dDPL _dVP@ _dDLC |
||
| 050 | 0 | 0 |
_aBL240.3 _b.H355 2010 |
| 082 | 0 | 0 |
_a215 _222 |
| 100 | 1 |
_aHaisch, Bernard, _d1949- _917689 |
|
| 245 | 1 | 4 |
_aThe purpose-guided universe : _bbelieving in Einstein, Darwin, and God / _cby Bernhard Haisch. |
| 260 |
_aFranklin Lakes, NJ : _bNew Page Books, _cc2010. |
||
| 300 |
_a222 p. : _bill. ; _c22 cm. |
||
| 504 | _aIncludes bibliographical references and index. | ||
| 505 | 0 | _aIntroduction -- Science and religion -- Quantum reality -- The finely tuned universe -- The perennial philosophy -- Thou art that -- Staying out of heaven -- Consciousness and reality -- The post-physics era -- The primacy of consciousness -- Where do things stand? | |
| 520 | _aHaisch contends that there is a purpose and an underlying intelligence behind the universe, one that is consistent with science, especially the Big Bang and evolution. | ||
| 650 | 0 |
_aReligion and science. _917690 |
|
| 650 | 0 |
_aGod. _917691 |
|
| 650 | 0 |
_aTeleology. _913827 |
|
| 906 |
_a7 _bcbc _corignew _d1 _eecip _f20 _gy-gencatlg |
||
| 942 |
_2lcc _cMONOGRAPH |
||
| 999 |
_c122806 _d122806 |
||